LEADER 01389nam a2200301 a 4500 001 000000035273 003 CaOOAMICUS 005 20140709155205.0 008 980223s1955 fr u000 u fre r 035 $a10783827 040 $aPUL(R)$bita 100 1 $aArquillière, Henri Xavier,$csac.,$d1883-1956.$0(OLS)http://pul/name/3944 245 12$aL'augustinisme politique :$bessai sur la formation des théories politiques du moyen-âge /$cpar H.-X. Arquillière. 260 $aParis :$bJ. Vrin,$c1955. 300 $a206 p. ;$c25 cm 490 1 $aL'Eglise et l'Etat au moyen âge ;$v2 500 $aComprende indici. 504 $aBibliografia: p. [11]-17. 600 04$aAugustinus,$cs., vesc. d'Ippona,$d354-430.$0(OLS)http://pul/subject/758 650 4$aPolitica$xTeorie$yEvo medio.$0(OLS)http://pul/subject/15997 830 2$aL'Eglise et l'Etat au moyen âge ;$v2.$0(OLS)http://pul/title/5546 850 $aPUL 852 $aPUL$W1$xDP2 Diritto Canonico 1$y64$m147 I 2$j48309$nBK-PRI$qStampati$B48309$CPULBib$Z2$F48309 $H270 $82 941 1 $a8 960 $aAgostino,$cs., vesc. d'Ippona,$d354-430$9758 961 $aINV: Fondo Cecchetti, 270. 996 $6245$aL'augustinisme politique :$bessai sur la formation des théories politiques du moyen-âge$9(OLS)http://pul/title/48533 996 $6260$aParis :$bJ. Vrin$9(OLS)http://pul/publisher/48393 LEADER 01571nam a2200349 a 4500 001 000000134041 003 CaOOAMICUS 005 20130524125024.0 008 130524s2013 it u000 u ita r 020 $a978-88-7016-938-6 040 $aPUL$bita 041 1 $aita$heng 082 04$a220.6 100 1 $aGaventa, Beverly Roberts ,$d1948-$0(OLS)http://pul/name/86382 240 10$aFirst and second Thessalonians.$lItaliano.$0(OLS)http://pul/title/169449 245 13$aLa prima e la seconda Lettera ai Tessalonicesi /$cBeversly Roberts Gaventa ; edizione italiana a cura di Giuseppe Campoccia e Carla Malerba. 260 $aTorino :$bClaudiana,$c©2013. 300 $a170 p. ;$c24 cm. 490 1 $aStrumenti. Commentari ;$v62 504 $aBibliografia: p. 149-153. 630 04$aBiblia.$pN.T.$pAd Thessalonicenses I-II$xCommenti.$0(OLS)http://pul/subject/6280 700 1 $aCampoccia, Giuseppe.$0(OLS)http://pul/name/52940 700 1 $aMalerba, Carla.$0(OLS)http://pul/name/69027 830 0$aStrumenti (Claudiana).$pCommentari ;$v62.$0(OLS)http://pul/title/133061 850 $aPUL 852 $aPUL$W1$xSL Religione 3$y85$m220. 6 COLL 1.62$j154112$qDDC 21$B153663$CPULBib$Z2$F153663 $H122041 $82 941 1 $a9 996 $6020$a978-88-7016-938-6$9(OLS)http://pul/number/152816 996 $6082$a220.6$9(OLS)http://pul/classification/388 996 $6245$aLa prima e la seconda Lettera ai Tessalonicesi$9(OLS)http://pul/title/169450 996 $6260$aTorino :$bClaudiana$9(OLS)http://pul/publisher/48072